| 000 | 02722nam a2200325 a 4500 | ||
|---|---|---|---|
| 003 | OSt | ||
| 005 | 20240902130607.0 | ||
| 007 | cr ||||||a|c|a | ||
| 008 | 240902s2024 mx a|||fom||| 001 0 spa d | ||
| 040 | _erda | ||
| 100 | 1 |
_aSánchez Rosas, Lizette Anali _9189512 |
|
| 245 | 1 | 0 |
_aPotencial de bacterias asociadas a plutella xylostella (L.) (lepidoptera : Plutellidae) como agentes de control biológico / _cpor Lizette Anali Sánchez Rosas; director de tesis José Manuel Rivas Rios; secretario Susana Martínez Martínez; vocal Raquel Alatorre Rosas; suplente Oscar Morales Galván; suplente Candelario Santillán Ortega. |
| 264 | 1 |
_aChapingo, México : _bEl autor, _c2024. |
|
| 300 |
_a1 recurso en línea (55 páginas): _bfiguras, cuadros. |
||
| 336 |
_2rdacontent _atexto _btxt |
||
| 337 |
_2rdamedia _acomputadora _bc |
||
| 338 |
_2rdacarrier _arecurso en línea _bcr |
||
| 502 |
_bIAEPA _cParasitología _d2024. _gLIC |
||
| 504 | _aIncluye referencias bibliográficas: páginas 42-48. | ||
| 520 | _aPlutella xylostella (L.) o también conocida como palomilla dorso de diamante, es considerada una de las plagas más destructivas de las crucíferas en el mundo. Varios factores han contribuido en el establecimiento exitoso de este insecto, como el ciclo biológico corto, su alta fecundidad y la resistencia que ha adquirido a la mayoría de los insecticidas. En la búsqueda de alternativas que permitan el manejo de cultivos sostenibles, se promueve el Manejo Integrado de Plagas (MIP) como la mejor opción; destacando los insecticidas microbianos como una excelente alternativa contra P. xylostella. Se estudiaron las bacterias cultivables presentes en larvas enfermas. La caracterización de los aislamientos determinó la existencia de seis morfotipos y mediante el análisis filogenético16s rRNA se agruparon en dos géneros Serratia sp. (Px1, Px3, Px4 y Px6), y Enterococcus sp. (Px2 y Px5). Al evaluar el efecto de las seis cepas bacterianas en forma independiente y como consorcio sobre larvas de 2do instar, la mejor cepa fue Px6 que correspondió a Serratia sp. y presentó el mayor porcentaje de mortalidad (80%). | ||
| 650 | 4 |
_aPlutella xylostella _xControl _9188485 |
|
| 650 | 4 |
_aBacterias efecto en Plutella xylostella _9189513 |
|
| 700 | 1 |
_aPineda Rios, José Manuel _988174 _eDirector de tesis. |
|
| 700 | 1 |
_aMartínez Martínez, Susana _9189523 _eSecretario. |
|
| 700 | 1 |
_aAlatorre Rosas, Raquel _93395 _eVocal. |
|
| 700 | 1 |
_aMorales Galván, Oscar _978271 _eSuplente. |
|
| 700 | 1 |
_aSantillán Ortega, Candelario _9102429 _eSuplente. |
|
| 856 |
_uhttp://10.13.5.2/tesis/tl/1512362-6_SANCHEZ_ROSAS_LIZETTEANALI.pdf _zDESCARGAR PDF |
||
| 942 |
_2Clasificación Universidad Autónoma Chapingo _cTD |
||
| 999 |
_c220130 _d220130 |
||